| 000 | 01032nam a2200217 a 4500 | ||
|---|---|---|---|
| 008 | 110902s2010 ||||||||||||||||| || u | ||
| 020 | _a9789211170436 | ||
| 050 | _aUN-ECE(08) | ||
| 110 | _aUnited Nations Economic Commission for Europe (UNECE) | ||
| 245 | 1 | 0 |
_aHemispheric transport of air pollution, 2010 _cby United Nations Economic Commission for Europe [UN-ECE] |
| 260 |
_aNew York: _bUnited Nations Economic Commission for Europe (UNECE) _c2010 |
||
| 300 | _axxv, 278 pages : illustrations | ||
| 350 | _a0.00 | ||
| 362 | 1 | _a<p> Part A: ozone and particulate matter; Part B: Mercury</p> | |
| 490 | _aAir Pollution Studies | ||
| 490 | _v17, 18 | ||
| 650 | _aAIR POLLUTION | ||
| 650 | _aAIR POLLUTION--EUROPE | ||
| 995 |
_aSPECIAL COLLECTIONS _e559 _FCBU-MAIN LIBRARY (Kitwe) _I0.00 _jUN-ECE(08)APS/2010/17 _M1 _UAVAILABLE _WMar 5, 2013 _yB559 _ZInternational Publications |
||
| 995 |
_aSPECIAL COLLECTIONS _e560 _FCBU-MAIN LIBRARY (Kitwe) _I0.00 _jUN-ECE(08)APS/2010/18 _M2 _UAVAILABLE _WMar 5, 2013 _yB560 _ZInternational Publications |
||
| 999 |
_c76164 _d76164 |
||